<?xml version="1.0" encoding="UTF-8"?><?xml-stylesheet type="text/xsl" href="static/style.xsl"?><OAI-PMH xmlns="http://www.openarchives.org/OAI/2.0/" xmlns:xsi="http://www.w3.org/2001/XMLSchema-instance" xsi:schemaLocation="http://www.openarchives.org/OAI/2.0/ http://www.openarchives.org/OAI/2.0/OAI-PMH.xsd"><responseDate>2026-04-13T03:09:14Z</responseDate><request verb="GetRecord" identifier="oai:www.recercat.cat:10230/72917" metadataPrefix="marc">https://recercat.cat/oai/request</request><GetRecord><record><header><identifier>oai:recercat.cat:10230/72917</identifier><datestamp>2026-03-31T17:24:13Z</datestamp><setSpec>com_2072_6</setSpec><setSpec>col_2072_452952</setSpec></header><metadata><record xmlns="http://www.loc.gov/MARC21/slim" xmlns:dcterms="http://purl.org/dc/terms/" xmlns:xsi="http://www.w3.org/2001/XMLSchema-instance" xmlns:doc="http://www.lyncode.com/xoai" xsi:schemaLocation="http://www.loc.gov/MARC21/slim http://www.loc.gov/standards/marcxml/schema/MARC21slim.xsd">
   <leader>00925njm 22002777a 4500</leader>
   <datafield ind2=" " ind1=" " tag="042">
      <subfield code="a">dc</subfield>
   </datafield>
   <datafield ind2=" " ind1=" " tag="720">
      <subfield code="a">Marly, Adrià</subfield>
      <subfield code="e">author</subfield>
   </datafield>
   <datafield ind2=" " ind1=" " tag="720">
      <subfield code="a">Yazdjian, Arek</subfield>
      <subfield code="e">author</subfield>
   </datafield>
   <datafield ind2=" " ind1=" " tag="720">
      <subfield code="a">Soto-Faraco, Salvador, 1970-</subfield>
      <subfield code="e">author</subfield>
   </datafield>
   <datafield ind2=" " ind1=" " tag="260">
      <subfield code="c">2026-03-30T09:37:38Z</subfield>
   </datafield>
   <datafield ind2=" " ind1=" " tag="260">
      <subfield code="c">2026-03-30T09:37:38Z</subfield>
   </datafield>
   <datafield ind2=" " ind1=" " tag="260">
      <subfield code="c">2023</subfield>
   </datafield>
   <datafield ind2=" " ind1=" " tag="260">
      <subfield code="c">2026-03-30T09:37:38Z</subfield>
   </datafield>
   <datafield ind2=" " ind1=" " tag="520">
      <subfield code="a">To form coherent multisensory perceptual representations, the brain must solve a causal inference problem: to decide if two sensory cues originated from the same event and should be combined, or if they came from different events and should be processed independently. According to current models of multisensory integration, during this process, the integrated (common cause) and segregated (different causes) internal perceptual models are entertained. In the present study, we propose that the causal inference process involves competition between these alternative perceptual models that engages the brain mechanisms of conflict processing. To test this hypothesis, we conducted two experiments, measuring reaction times (RTs) and electroencephalography, using an audiovisual ventriloquist illusion paradigm with varying degrees of intersensory disparities. Consistent with our hypotheses, incongruent trials led to slower RTs and higher fronto-medial theta power, both indicative of conflict. We also predicted that intermediate disparities would yield slower RTs and higher theta power when compared to congruent stimuli and to large disparities, owing to the steeper competition between causal models. Although this prediction was only validated in the RT study, both experiments displayed the anticipated trend. In conclusion, our findings suggest a potential involvement of the conflict mechanisms in multisensory integration of spatial information. This article is part of the theme issue &amp;apos;Decision and control processes in multisensory perception&amp;apos;.</subfield>
   </datafield>
   <datafield ind2=" " ind1=" " tag="520">
      <subfield code="a">This research was supported by grants from the Ministerio de Ciencia e Innovación (grant no. PID2019-108531GB-I00 AEI/FEDER) and PRESP05622 - PDC2022-133859-I00, and from AGAUR Generalitat de Catalunya (grant no. 2021 SGR 00911) to S.S.-F. A.M. is supported by the Ayudas para contratos predoctorales para la formación de doctores/as 2020 (grant no. PRE2020-093991).</subfield>
   </datafield>
   <datafield ind1="8" ind2=" " tag="024">
      <subfield code="a">https://hdl.handle.net/10230/72917</subfield>
   </datafield>
   <datafield tag="653" ind2=" " ind1=" ">
      <subfield code="a">Conflict monitoring</subfield>
   </datafield>
   <datafield tag="653" ind2=" " ind1=" ">
      <subfield code="a">Causal inference</subfield>
   </datafield>
   <datafield tag="653" ind2=" " ind1=" ">
      <subfield code="a">Reaction time</subfield>
   </datafield>
   <datafield tag="653" ind2=" " ind1=" ">
      <subfield code="a">Ventriloquist illusion</subfield>
   </datafield>
   <datafield tag="653" ind2=" " ind1=" ">
      <subfield code="a">EEG</subfield>
   </datafield>
   <datafield tag="653" ind2=" " ind1=" ">
      <subfield code="a">Intersensory conflict</subfield>
   </datafield>
   <datafield ind2="0" ind1="0" tag="245">
      <subfield code="a">The role of conflict processing in multisensory perception: behavioural and electroencephalography evidence</subfield>
   </datafield>
</record></metadata></record></GetRecord></OAI-PMH>